Zužitkování odpadových surovin v průmyslu, řemeslech a zemědělství : Lučebniny - Barvy - Paliva - Mazací oleje - Plyny /

Hlavní autor: Špirk, Ludvík, 1897-1948
Jazyk: Čeština
Vydáno: Praha : Orbis, 1944
Vydání: 1. vyd.
Edice: Sbírka Boj proti ztrátám
Fyzický popis: 135, [i] s. ; 8°
Knihy
Uloženo v:
LEADER 00880nam a22002532a 4500
001 000936897
003 CZ BrMZK
005 20110112090048.0
007 ta
008 090424s1944 xr er|||||||||||cze d
035 |a (OCoLC)85694273 
040 |a ABA001  |b cze  |c ULG001  |d ABA001 
100 1 |a Špirk, Ludvík,  |d 1897-1948  |7 jk01130913  |4 aut 
245 1 0 |a Zužitkování odpadových surovin v průmyslu, řemeslech a zemědělství :  |b Lučebniny - Barvy - Paliva - Mazací oleje - Plyny /  |c Ludvík Špirk 
250 |a 1. vyd. 
260 |a Praha :  |b Orbis,  |c 1944 
300 |a 135, [i] s. ;  |c 8° 
490 1 |a Sbírka Boj proti ztrátám 
830 0 |a Sbírka Boj proti ztrátám 
910 |a BOA001  |b TK-0119.965  |b 2-0176.382,3 
920 |a 000576729 
990 |a BK 
991 |b 200904 
996 7 |b 2629947433  |c TK-0119.965  |l MZK  |r Sklad / do 24 hodin  |n 1  |w 000936897  |u 000010  |a 1  |e BOA001  |j MZK50  |s A